01209 2200205 4500001002100000005001500021008004100036020001800077035001900095041000800114082001200122084001800134100001100152245009200163260002800255300003200283520058300315650005300898650005200951INLIS00000000000805220200508204226200508||||||||| | ||| |||| ||ind|| a9789791402958 0010-0520008052 aind0 a343.043 a343.043/UND/U0 aedited00aUndang-Undang Republik Indonesia Nomor 28 Tahun 2009 Tentang Pajak dan Retribusi Daerah aJakartabEko Jayac2009 aviii, 290 p. ; 21 cmc21 cm aUndang-Undang Pajak dan Retribusi Daerah yang baru ini ada 4 (empat) jenis pajak yang dikelola daerah, yaitu Pajak Bumi dan Bangunan; Perdesaan dan Perkotaan, dan Bea Perolehan Hak atas Tanah dan Bangunan yang sebelumnya pajak pusat, dan Pajak Sarang Walet sebagai pajak kabupaten/kota, serta Pajak Rokok yang merupakan pajak baru bagi provinsi. Disamping itu terdapat 4 (empat) jenis retribusi baru yang dikelola daerah, yaitu Retribusi Pelayanan Tera/Tera Ulang, Retribusi Pelayanan Pendidikan, Retribusi Pengendalian menara Telekomunikasi, dan Retribusi Izin Usaha Perikanan. 0aLocal taxation - Law and legislation - Indonesia 0aLocal finance - Law and legislation - Indonesia